[Event "Xtracon Chess Open 2017"]
[Site "Helsingor DEN"]
[Date "2017.07.26"]
[Round "6.32"]
[White "Vestby-Ellingsen, Mads"]
[Black "Lindgren, Philip"]
[Result "0-1"]
[BlackTitle "IM"]
[WhiteElo "2175"]
[BlackElo "2420"]
[WhiteFideId "1520857"]
[BlackFideId "1713230"]
[EventDate "2017.07.22"]

1. c4 c6 2. Nf3 d5 3. e3 Nf6 4. Nc3 e6 5. b3 Bd6 6. Bb2 b6 7. Be2 Bb7 8. O-O O-O
9. cxd5 exd5 10. Rc1 Nbd7 11. Qc2 Re8 12. Rfd1 Rc8 13. d4 Qe7 14. Bf1 Nf8 15. g3
Ng6 16. Bg2 Rc7 17. Qb1 h5 18. Qc2 h4 19. Ne2 hxg3 20. hxg3 Ng4 21. Qd2 Qf6 22.
Nf4 Nf8 23. Nd3 Nd7 24. Rc2 Qh6 25. Nh4 Ndf6 26. Nf5 Qh2+ 27. Kf1 Bf8 28. f3 g6
29. fxg4 gxf5 30. Bf3 Qxd2 31. Rcxd2 fxg4 32. Be2 Ne4 33. Rc2 Nxg3+ 34. Kf2 Nxe2
35. Rxe2 Ba6 36. Rc2 Bxd3 37. Rxd3 f5 38. Bc1 Kf7 39. Bd2 Re6 40. Rc1 Rh6 41.
Kg1 Ke8 42. Rdc3 Rch7 43. Rxc6 Bd6 44. Kf1 Kd7 45. R6c2 Rh1+ 46. Ke2 R7h2+ 47.
Kd3 g3 48. Be1 Rxc2 49. Rxc2 Rxe1 0-1

[Event "Xtracon Chess Open 2017"]
[Site "Helsingor DEN"]
[Date "2017.07.26"]
[Round "6.33"]
[White "Haria, Ravi"]
[Black "Guindy, Esmat Susanne"]
[Result "1-0"]
[WhiteTitle "FM"]
[BlackTitle "WFM"]
[WhiteElo "2417"]
[BlackElo "2158"]
[WhiteFideId "415820"]
[BlackFideId "1401637"]
[EventDate "2017.07.22"]

1. Nf3 d5 2. g3 Nf6 3. Bg2 Bf5 4. O-O e6 5. c4 c6 6. cxd5 exd5 7. d3 Be7 8. Qb3
Qb6 9. Qc2 Nbd7 10. Nc3 h6 11. e4 dxe4 12. dxe4 Bh7 13. Be3 Qa5 14. Nd4 O-O 15.
Rfd1 Rfd8 16. f3 Nb6 17. Bf1 Nfd5 18. Bf2 Nxc3 19. bxc3 Na4 20. Be1 Nc5 21. Nb3
Qa4 22. Bf2 Ne6 23. Bg2 Bc5 24. Bxc5 Nxc5 25. Rxd8+ Rxd8 26. Rd1 Re8 27. Rd4 Qa3
28. f4 Kh8 29. h3 f6 30. Nxc5 Qxc5 31. Kh2 Bg8 32. Rd7 Re7 33. Rd8 Qa5 34. Qd2
Kh7 35. Qd6 Qc7 36. e5 Qxd6 37. exd6 Re2 38. Kg1 f5 39. g4 Bxa2 40. gxf5 Rd2 41.
Be4 1-0

[Event "Xtracon Chess Open 2017"]
[Site "Helsingor DEN"]
[Date "2017.07.26"]
[Round "6.34"]
[White "Holm, Kristian Stuvik"]
[Black "Eriksson, Christian Altenburg"]
[Result "1-0"]
[WhiteTitle "IM"]
[WhiteElo "2403"]
[BlackElo "2156"]
[WhiteFideId "1508083"]
[BlackFideId "1412159"]
[EventDate "2017.07.22"]

1. d4 Nf6 2. c4 e6 3. g3 Bb4+ 4. Bd2 Qe7 5. Bg2 Bxd2+ 6. Qxd2 d6 7. e3 e5 8. Ne2
a5 9. O-O O-O 10. Nbc3 Re8 11. dxe5 dxe5 12. Nd5 Nxd5 13. cxd5 Qb4 14. Qc2 Na6
15. Rac1 g6 16. a3 Qb6 17. Nc3 Bf5 18. e4 Bd7 19. Nd1 Bb5 20. Re1 Qd6 21. Ne3 b6
22. Qb3 Qd7 23. Bh3 Qxh3 24. Qxb5 Nc5 25. f3 a4 26. Ng4 Kg7 27. Qc6 Rac8 28.
Qf6+ Kg8 29. Nxe5 Rxe5 30. Qxe5 Nd3 31. Qd4 Nxe1 32. Rxe1 Qd7 33. e5 c6 34. d6
c5 35. Qd5 Re8 36. Re2 h5 37. Kg2 Kg7 38. h3 Qb5 39. Rd2 Qd7 40. Re2 Qb5 41. Qd2
Qd7 42. Qc3 Kg8 43. Re4 Qb5 44. Kf2 Qd7 45. g4 hxg4 46. hxg4 Qb5 47. Kg2 Qb3 48.
Qxb3 axb3 49. a4 Kg7 50. Kf2 Ra8 51. Ke3 Kf8 52. Kd3 Ke8 53. Kc3 Kd7 54. Kxb3 g5
55. Kc3 Ke6 56. b3 Kd5 57. Re3 Rd8 58. d7 Kc6 59. Rd3 Rxd7 60. Rxd7 Kxd7 61. Kd3
Ke7 62. Kc4 Kd8 63. Kb5 Kc7 64. a5 bxa5 65. Kxc5 1-0

[Event "Xtracon Chess Open 2017"]
[Site "Helsingor DEN"]
[Date "2017.07.26"]
[Round "6.35"]
[White "Miskulin, Dennis"]
[Black "Haubro, Martin"]
[Result "1/2-1/2"]
[BlackTitle "IM"]
[WhiteElo "2198"]
[BlackElo "2365"]
[WhiteFideId "1705520"]
[BlackFideId "1414291"]
[EventDate "2017.07.22"]

1. e4 e5 2. Nf3 Nc6 3. Bb5 a6 4. Ba4 Nf6 5. O-O Be7 6. Re1 b5 7. Bb3 d6 8. c3
O-O 9. h3 Nd7 10. d4 Bf6 11. d5 Ne7 12. Bc2 Nb6 13. Nbd2 g6 14. b3 c6 15. c4 c5
16. cxb5 axb5 17. Bb2 Bd7 18. Bd3 Bg7 19. Qe2 Qe8 20. Nh2 f5 21. f4 fxe4 22.
Nxe4 Nf5 23. Nf3 Nd4 24. Nxd4 exd4 25. Nxd6 Qxe2 26. Bxe2 Nxd5 27. Nxb5 Nxf4 28.
Bc4+ Kh8 29. Nd6 Bc6 30. Nf7+ Rxf7 31. Bxf7 Bxg2 32. Re8+ Rxe8 33. Bxe8 Ba8 34.
Bd7 Nd3 35. Ba3 Bh6 36. Bb5 Be3+ 37. Kh2 Bf4+ 38. Kg1 Be3+ 39. Kh2 Bf4+ 1/2-1/2

[Event "Xtracon Chess Open 2017"]
[Site "Helsingor DEN"]
[Date "2017.07.26"]
[Round "6.36"]
[White "Hartung-Nielsen, Jens"]
[Black "Matthiesen, Martin"]
[Result "1-0"]
[BlackTitle "FM"]
[WhiteElo "2175"]
[BlackElo "2349"]
[WhiteFideId "1400690"]
[BlackFideId "1404067"]
[EventDate "2017.07.22"]

1. e4 c5 2. d4 cxd4 3. c3 Nf6 4. e5 Nd5 5. Nf3 e6 6. cxd4 d6 7. a3 Bd7 8. Bd3
Bc6 9. O-O Nd7 10. b4 a6 11. Re1 Be7 12. Nbd2 O-O 13. Ne4 dxe5 14. dxe5 Qc7 15.
Bb2 Rfd8 16. g3 Nf8 17. Qe2 Ng6 18. Rad1 Ba4 19. Rc1 Qd7 20. Bd4 b6 21. Qb2 Bb5
22. Bb1 a5 23. Nd6 axb4 24. axb4 Ra4 25. Bc3 Nxc3 26. Qxc3 Bxd6 27. Red1 Nxe5
28. Nxe5 Qe8 29. Nd3 Raa8 30. Qe1 g6 31. Qe4 Qe7 32. h4 Rac8 33. Qe3 Rxc1 34.
Rxc1 Rb8 35. Ne5 Bxe5 36. Qxe5 Qe8 37. h5 Rd8 38. h6 f6 39. Qxf6 Rd7 40. Ba2 Re7
41. Bxe6+ 1-0

[Event "Xtracon Chess Open 2017"]
[Site "Helsingor DEN"]
[Date "2017.07.26"]
[Round "6.37"]
[White "Nilsson, Patrik1"]
[Black "Petersen, Tom Petri"]
[Result "1/2-1/2"]
[BlackTitle "FM"]
[WhiteElo "2152"]
[BlackElo "2338"]
[WhiteFideId "1708171"]
[BlackFideId "1403486"]
[EventDate "2017.07.22"]

1. e4 g6 2. d4 Bg7 3. Nc3 d6 4. Nf3 a6 5. Be2 Nd7 6. O-O e6 7. Re1 Ne7 8. Bf1
O-O 9. Bf4 b5 10. a4 b4 11. Na2 a5 12. c3 bxc3 13. Nxc3 e5 14. dxe5 Nxe5 15.
Nxe5 Bxe5 16. Bxe5 dxe5 17. Nb5 Rb8 18. Qxd8 Rxd8 19. Red1 Rxd1 20. Rxd1 Be6 21.
Nxc7 Rxb2 22. Nxe6 fxe6 23. Bb5 Rc2 24. f3 Nc6 25. Bxc6 Rxc6 26. Rd8+ Kg7 27.
Rd7+ Kg8 28. Ra7 Rc5 29. h4 h6 30. Kh2 Kf8 31. h5 gxh5 32. Kh3 Kg8 33. Kh4 Rc2
34. Rxa5 Rxg2 35. Ra7 Rh2+ 36. Kg3 Ra2 37. Re7 Rxa4 38. Rxe6 Ra5 39. Rxh6 Kg7
40. Rxh5 Kf6 41. Kg4 Ra3 42. Rh6+ Kf7 43. Rb6 Ke7 44. Kf5 Rxf3+ 45. Kxe5 Rh3 46.
Rb7+ Ke8 47. Kd6 Rh6+ 48. Kd5 Rg6 49. e5 Rh6 50. e6 Rh1 51. Ke4 1/2-1/2

[Event "Xtracon Chess Open 2017"]
[Site "Helsingor DEN"]
[Date "2017.07.26"]
[Round "6.38"]
[White "Papp, Petra"]
[Black "Bogdanov, Dimitri"]
[Result "1-0"]
[WhiteTitle "WGM"]
[WhiteElo "2337"]
[BlackElo "2139"]
[WhiteFideId "739049"]
[BlackFideId "1405829"]
[EventDate "2017.07.22"]

1. e4 g6 2. d4 Bg7 3. Nc3 d6 4. f4 Nf6 5. Nf3 O-O 6. Bd3 Na6 7. O-O c5 8. d5 Rb8
9. f5 b5 10. fxg6 hxg6 11. Nxb5 Nxe4 12. Nxa7 c4 13. Bxe4 Qb6+ 14. Kh1 Qxa7 15.
c3 Nc5 16. Bc2 Nd3 17. Bxd3 cxd3 18. Ng5 Qa6 19. Rf3 Bd7 20. Qxd3 Qxd3 21. Rxd3
Bh6 22. b3 Bf5 23. Rf3 Rfc8 24. h3 Rc5 25. g4 Bc2 26. Rf2 Rxc3 27. Bb2 Rc5 28.
Nxf7 Be3 29. Re2 Be4+ 30. Kh2 Bf4+ 31. Kg1 Bxd5 32. Rf1 g5 33. Nh6+ Kh7 34. Nf5
e6 35. Ng7 e5 36. Nh5 Rf8 37. Ba3 Rc6 38. Nxf4 Rxf4 39. Rxf4 gxf4 40. Rd2 Be4
41. Bxd6 Rc1+ 42. Kf2 Rh1 43. Re2 Rh2+ 44. Ke1 Rh1+ 45. Kd2 Bf3 46. Rf2 Rd1+ 47.
Kc2 Rxd6 48. Rxf3 Kg6 49. h4 Kf6 50. a4 Ke6 51. Rf1 Rc6+ 52. Kd2 Kd5 53. h5 Ke4
54. g5 f3 55. g6 Kf4 56. g7 Rc8 57. h6 e4 58. h7 e3+ 59. Kd3 Rd8+ 60. Kc2 e2 61.
Rh1 f2 62. h8=Q e1=Q 63. Qh4+ 1-0

[Event "Xtracon Chess Open 2017"]
[Site "Helsingor DEN"]
[Date "2017.07.26"]
[Round "6.39"]
[White "Deur Saric, Zrinka"]
[Black "Kramer, Julian"]
[Result "0-1"]
[WhiteTitle "WFM"]
[BlackTitle "FM"]
[WhiteElo "2152"]
[BlackElo "2333"]
[WhiteFideId "14512670"]
[BlackFideId "12921742"]
[EventDate "2017.07.22"]

1. e4 e5 2. Nf3 Nc6 3. Bb5 a6 4. Ba4 Nf6 5. O-O b5 6. Bb3 Bc5 7. c3 d6 8. Re1
O-O 9. h3 h6 10. a4 Rb8 11. axb5 axb5 12. d4 Bb6 13. Na3 exd4 14. cxd4 Na5 15.
Nxb5 Nxb3 16. Qxb3 Bd7 17. Qd3 Bxb5 18. Qxb5 Bxd4 19. Qc4 Bxb2 20. Ra7 Bxc1 21.
Rxc1 Qe7 22. e5 dxe5 23. Rxc7 Qe8 24. Re1 e4 25. Nd2 Qe5 26. g3 Qd6 27. Qc2 e3
28. Rxe3 Nd5 29. Rec3 Nxc7 30. Rxc7 Rb2 31. Qxb2 Qxc7 32. Nf1 Rb8 33. Qe2 Qc6
34. Qd3 g6 35. Ne3 Qf3 36. h4 Rb2 37. Qf1 Ra2 38. Qe1 Re2 39. Qf1 Rxe3 40. fxe3
Qxg3+ 0-1

[Event "Xtracon Chess Open 2017"]
[Site "Helsingor DEN"]
[Date "2017.07.26"]
[Round "6.40"]
[White "Haug, Johannes"]
[Black "Sorensen, Hampus"]
[Result "1/2-1/2"]
[WhiteTitle "FM"]
[WhiteElo "2328"]
[BlackElo "2137"]
[WhiteFideId "1509268"]
[BlackFideId "8703884"]
[EventDate "2017.07.22"]

1. d4 d5 2. Nf3 Nf6 3. Bf4 c5 4. e3 Nc6 5. c3 cxd4 6. exd4 Bf5 7. Qb3 Qc8 8.
Nbd2 e6 9. Be2 Nh5 10. Be3 Bd6 11. Nh4 Bg6 12. Nxg6 hxg6 13. g3 O-O 14. O-O Nf6
15. Qd1 Na5 16. Bd3 a6 17. Bg5 Nh7 18. Be3 Nf6 19. a4 Qc7 20. Qf3 Rfb8 21. Qe2
b5 22. axb5 axb5 23. Bxb5 Qb6 24. b4 Qxb5 25. Qxb5 Rxb5 26. Rfc1 Ra7 27. Rxa5 1/2-1/2

[Event "Xtracon Chess Open 2017"]
[Site "Helsingor DEN"]
[Date "2017.07.26"]
[Round "6.41"]
[White "Kemarsky, Alexander"]
[Black "Rostgaard, Tobias Valentin"]
[Result "1-0"]
[BlackTitle "FM"]
[WhiteElo "2150"]
[BlackElo "2327"]
[WhiteFideId "2814196"]
[BlackFideId "1408801"]
[EventDate "2017.07.22"]

1. e4 e5 2. Nf3 Nc6 3. Bb5 Nf6 4. d3 Bc5 5. Bxc6 dxc6 6. O-O Nd7 7. Be3 Bd6 8.
Nbd2 O-O 9. Nc4 Re8 10. Nxd6 cxd6 11. Nd2 d5 12. f4 exf4 13. Rxf4 Nf8 14. Qh5
Ng6 15. Rf2 d4 16. Bf4 Be6 17. Raf1 Rc8 18. Bg3 c5 19. Nf3 h6 20. b3 b5 21. Nh4
Nh8 22. Bf4 Qd7 23. Bxh6 gxh6 24. Qxh6 f5 25. Nxf5 Qh7 26. Qg5+ Qg6 27. Ne7+
Rxe7 28. Qxe7 Bf7 29. Rf3 Qg7 30. Rf5 c4 31. Qd7 Ra8 32. Qxb5 cxd3 33. cxd3 Rc8
34. Rc5 Rxc5 35. Qxc5 Ng6 36. Qxa7 Ne5 37. b4 Bh5 38. Qxg7+ 1-0

[Event "Xtracon Chess Open 2017"]
[Site "Helsingor DEN"]
[Date "2017.07.26"]
[Round "6.42"]
[White "Risting, Eivind Olav"]
[Black "Storme, Isak"]
[Result "1-0"]
[WhiteTitle "FM"]
[WhiteElo "2307"]
[BlackElo "2129"]
[WhiteFideId "1517333"]
[BlackFideId "1728113"]
[EventDate "2017.07.22"]

1. d4 Nf6 2. c4 c5 3. d5 e6 4. Nc3 exd5 5. cxd5 d6 6. Nf3 g6 7. Bf4 Bg7 8. Qa4+
Bd7 9. Qb3 Qc7 10. e4 O-O 11. Be2 Nh5 12. Be3 Na6 13. O-O Rab8 14. Nd2 Nf6 15.
Bf4 b5 16. Nxb5 Bxb5 17. Bxb5 Nh5 18. Bg5 h6 19. Be3 Qe7 20. Qa4 Nc7 21. Bc6 Rb4
22. Qa5 f5 23. exf5 gxf5 24. Nf3 a6 25. Rab1 Rfb8 26. b3 Nf6 27. Rbd1 Qf7 28.
Bd2 R4b6 29. Qa3 Nfxd5 30. Bxd5 Nxd5 31. Qc1 Kh7 32. Qc4 Kg8 33. Qh4 f4 34. Rfe1
Rf8 35. Re4 Rbb8 36. Ra4 Rb6 37. Re1 Re8 38. Rd1 Rf8 39. Qg4 Kh7 40. h3 Bc3 41.
Re4 Rb7 42. Qe6 Rd7 43. Bc1 Bd4 44. Qxf7+ Rfxf7 45. Bd2 Bc3 46. Be1 Bxe1 47.
Rxd5 Bc3 48. Ra4 a5 49. Rd3 Bg7 50. Rxa5 Ra7 51. Rxa7 Rxa7 52. Rxd6 Rxa2 53. Rd5
Ra3 54. Rxc5 Rxb3 55. Rc4 Bf8 56. Nd2 Rd3 57. Ne4 f3 58. g3 Bg7 59. Kh2 Kg6 60.
Rc2 Bd4 61. Rd2 Rxd2 62. Nxd2 Bxf2 63. Nxf3 Be3 64. Kg2 Bc1 65. Nd4 Bb2 66. Ne2
Kg5 67. Kf3 Ba3 68. h4+ Kg6 69. Ke4 Bb4 70. Nf4+ Kh7 71. Kf5 Be1 72. Nh5 Bc3 73.
Ke6 Kg6 74. Nf4+ Kg7 75. h5 Be1 76. Ne2 Bf2 77. g4 Be3 78. Ng3 Bg5 79. Ne4 Bc1
80. Nd6 Bg5 81. Nf5+ Kf8 82. Nd6 Kg7 83. Ne4 Bc1 84. Nc3 Bd2 85. Nb5 Bc1 86. Nd4
Bg5 87. Kf5 Kf7 88. Nf3 Bc1 89. Ne5+ Kg7 90. Ke6 Bg5 91. Nd7 Bd8 92. Nb8 Bh4 93.
Nc6 Be1 94. Ne7 Bd2 95. Nf5+ Kh7 96. Kf7 Bc3 97. Ng3 Be5 98. Ne4 Bg7 99. Nf6+
Kh8 100. Kg6 Bf8 101. Ne4 Kg8 102. Ng3 Bd6 103. Nf5 Bf4 104. Nxh6+ 1-0

[Event "Xtracon Chess Open 2017"]
[Site "Helsingor DEN"]
[Date "2017.07.26"]
[Round "6.43"]
[White "Klings, Peter"]
[Black "Fossan, Petter"]
[Result "1/2-1/2"]
[BlackTitle "FM"]
[WhiteElo "2146"]
[BlackElo "2301"]
[WhiteFideId "4631234"]
[BlackFideId "1500260"]
[EventDate "2017.07.22"]

1. Nf3 c5 2. e4 Nc6 3. Bb5 g6 4. Bxc6 dxc6 5. d3 Bg7 6. h3 e5 7. Be3 Qe7 8. Qd2
Nf6 9. a3 c4 10. Nc3 cxd3 11. cxd3 O-O 12. O-O b6 13. b4 Ba6 14. Rfd1 Rfd8 15.
Qc2 Rac8 16. Rac1 h6 17. Qb1 Bb7 18. Nd2 Nh5 19. Ne2 f5 20. f3 Rc7 21. Nc4 Rcd7
22. a4 Bf6 23. Qb3 Kh7 24. Rb1 Bg5 25. Bf2 Bc8 26. Qc3 Bf6 27. a5 b5 28. Na3 Qe6
29. Rbc1 fxe4 30. fxe4 Bg5 31. Rc2 Be7 32. Nb1 a6 33. Na3 Bb7 34. Rcd2 Bg5 35.
Rb2 Nf6 36. Ng3 Bf4 37. Nc2 h5 38. Ne3 h4 39. Ngf1 g5 40. Rbb1 g4 41. Bxh4 gxh3
42. g3 Rg8 43. Kh1 Bg5 44. Bxg5 Rxg5 45. Rb2 Ng4 46. Qe1 c5 47. Nh2 Nxe3 48.
Qxe3 Qg6 49. Nf3 Bxe4 50. Kh2 Bxf3 51. Qxf3 Rg7 52. Rg1 cxb4 53. Rxb4 Rg4 54.
Re4 Rxe4 55. dxe4 Qg4 56. Qxg4 Rxg4 57. Re1 Rg7 58. Rc1 Rg4 59. Re1 1/2-1/2

[Event "Xtracon Chess Open 2017"]
[Site "Helsingor DEN"]
[Date "2017.07.26"]
[Round "6.44"]
[White "Celander, Jesper"]
[Black "Dahl, Trygve"]
[Result "1/2-1/2"]
[WhiteElo "2127"]
[BlackElo "2292"]
[WhiteFideId "1705342"]
[BlackFideId "1513427"]
[EventDate "2017.07.22"]

1. d4 Nf6 2. Bg5 Ne4 3. Bf4 d5 4. f3 Nf6 5. Nc3 e6 6. e4 c5 7. exd5 exd5 8. Bb5+
Nc6 9. Nge2 Be7 10. dxc5 Bxc5 11. Qd2 O-O 12. Bg5 d4 13. Bxf6 gxf6 14. Ne4 Bb4
15. c3 dxc3 16. bxc3 Qxd2+ 17. Kxd2 Be7 18. Rhd1 Be6 19. Nf4 Rac8 20. Nxe6 fxe6
21. Ke2 f5 22. Nd6 Rc7 23. Bc4 Nd8 24. Bb3 a6 25. Rd3 Kg7 26. f4 Kf6 27. Rad1
Rg8 28. g3 b5 29. a4 Bxd6 30. Rxd6 Rxc3 31. R1d3 Rxd3 32. Kxd3 bxa4 33. Bxa4 Nb7
34. Rxe6+ Kxe6 35. Bb3+ Kf6 36. Bxg8 h5 37. Kd4 Nd6 38. Kc5 Ne4+ 39. Kb6 Nf2 40.
Bc4 Ng4 41. Be2 Nxh2 42. Bxh5 Nf1 43. g4 fxg4 44. Bxg4 Ne3 45. Kxa6 Nxg4 46. f5
Kxf5 1/2-1/2

[Event "Xtracon Chess Open 2017"]
[Site "Helsingor DEN"]
[Date "2017.07.26"]
[Round "6.45"]
[White "Lund, Gunnar"]
[Black "Veng, Johnni"]
[Result "1/2-1/2"]
[BlackTitle "FM"]
[WhiteElo "2051"]
[BlackElo "2279"]
[WhiteFideId "1520814"]
[BlackFideId "1408623"]
[EventDate "2017.07.22"]

1. e4 c5 2. c3 d6 3. d4 Nf6 4. Bd3 g6 5. Nf3 Bg7 6. O-O O-O 7. h3 Qc7 8. Be3
Nbd7 9. Nbd2 b6 10. a4 Rb8 11. Qe2 Bb7 12. a5 b5 13. Bxb5 Nxe4 14. Nxe4 Bxe4 15.
Bxd7 Bxf3 16. Qxf3 cxd4 17. Bxd4 Bxd4 18. Bc6 Bf6 19. Rfb1 Kg7 20. a6 Rb6 21.
Bb7 e6 22. Qe2 d5 23. Ra3 Rd8 24. Qd3 h5 25. b4 h4 26. b5 Qf4 27. Qe3 Qf5 28.
Rab3 Rdd6 29. Qf3 Qxf3 30. gxf3 Rd7 31. Kg2 Rc7 32. Bc6 Be5 33. Kf1 Kf6 34. Ke2
Bd6 35. Kd3 Bc5 36. R1b2 Rb8 37. c4 dxc4+ 1/2-1/2

[Event "Xtracon Chess Open 2017"]
[Site "Helsingor DEN"]
[Date "2017.07.26"]
[Round "6.46"]
[White "Hjornevik, Knut J"]
[Black "Hobber, Anders"]
[Result "0-1"]
[BlackTitle "FM"]
[WhiteElo "1952"]
[BlackElo "2278"]
[WhiteFideId "1505157"]
[BlackFideId "1505424"]
[EventDate "2017.07.22"]

1. d4 d5 2. c4 c6 3. Nf3 Nf6 4. Nc3 Qb6 5. e3 Bg4 6. h3 Bxf3 7. Qxf3 e6 8. Bd3
Nbd7 9. O-O Be7 10. b3 O-O 11. Bb2 a5 12. Rab1 Rad8 13. cxd5 exd5 14. e4 dxe4
15. Nxe4 Nd5 16. Nc5 Nxc5 17. dxc5 Qxc5 18. Rbc1 Qd6 19. Rc4 Bf6 20. Bxf6 Qxf6
21. Qe4 g6 22. Qg4 Rfe8 23. Rd1 h5 24. Qg3 Nc3 25. Rc1 h4 26. Rxh4 Rxd3 0-1

[Event "Xtracon Chess Open 2017"]
[Site "Helsingor DEN"]
[Date "2017.07.26"]
[Round "6.47"]
[White "Svane, Frederik"]
[Black "Skovgaard, Ib"]
[Result "1-0"]
[WhiteElo "2276"]
[BlackElo "2016"]
[WhiteFideId "12923044"]
[BlackFideId "1406760"]
[EventDate "2017.07.22"]

1. e4 Nf6 2. e5 Nd5 3. d4 d6 4. Nf3 g6 5. Bc4 dxe5 6. dxe5 Be6 7. Ng5 Nc6 8.
Nxe6 fxe6 9. Qe2 Bg7 10. f4 O-O 11. O-O Nxf4 12. Bxf4 Qd4+ 13. Kh1 Rxf4 14.
Bxe6+ Kh8 15. Nc3 Bxe5 16. Rxf4 Qxf4 17. g3 Qf6 18. Bd5 Nd4 19. Qd3 Rf8 20. Bg2
Qg5 21. Re1 Rf5 22. Rxe5 Qc1+ 23. Nd1 Rxe5 24. Qxd4 Qg5 25. Nf2 c5 26. Qd1 Qh5
27. Bf3 Qf5 28. Kg2 b6 29. Nd3 Re3 30. Nf4 Qe5 31. Kf2 c4 32. Nd5 Rd3 33. cxd3
Qxb2+ 34. Qe2 Qd4+ 35. Qe3 Qb2+ 36. Be2 c3 37. Qe5+ 1-0

[Event "Xtracon Chess Open 2017"]
[Site "Helsingor DEN"]
[Date "2017.07.26"]
[Round "6.48"]
[White "Stojanovski, Sandi"]
[Black "Samaganova, Alexandra"]
[Result "1-0"]
[WhiteTitle "FM"]
[WhiteElo "2268"]
[BlackElo "1992"]
[WhiteFideId "1403249"]
[BlackFideId "13800221"]
[EventDate "2017.07.22"]

1. c4 c5 2. g3 g6 3. Bg2 Bg7 4. Nc3 Nc6 5. Nf3 e5 6. O-O Nge7 7. a3 a6 8. Rb1
Rb8 9. b4 cxb4 10. axb4 b5 11. d4 bxc4 12. d5 Nxb4 13. Rxb4 Rxb4 14. d6 Nc6 15.
Nd5 Rb7 16. Ba3 O-O 17. Ne7+ Kh8 18. Nd2 Na5 19. Qa4 Rb5 20. Nxc4 Nxc4 21. Qxc4
Qa5 22. Nxc8 Qxa3 23. Rc1 Rb8 24. Rc3 Rbxc8 25. Qxc8 Qxd6 26. Qb7 Qd1+ 27. Bf1
Qa4 28. e3 h5 29. Rc7 Rd8 30. Qd5 Qg4 31. Qxf7 Qf5 32. Qa2 Rf8 33. Bxa6 h4 34.
Qd2 Rf7 35. Bc4 Qb1+ 36. Kg2 Qe4+ 37. Kg1 Qb1+ 38. Bf1 hxg3 39. hxg3 Qf5 40. Bd3
e4 41. Bc4 Re7 42. Qd6 Qf6 43. Qd5 Kh7 44. Rxd7 Rxd7 45. Qxd7 Qa1+ 46. Kg2 Qf6
47. Bb5 Qf3+ 48. Kg1 Kh6 49. Bc6 Be5 50. Qh3+ Qh5 51. Qf1 Qf3 52. Qe1 Kg5 53.
Bb5 Qf5 54. Bf1 Qg4 55. Bg2 Kf5 56. Qf1 Kg5 57. Qb1 Kf6 58. Kf1 Kf5 59. Bxe4+
Kf6 60. Qd3 Qh3+ 61. Bg2 Qf5 62. Qb3 Bxg3 63. Qb6+ Ke7 64. Qb7+ Kf8 65. Bf3 Bh4
66. Kg2 Qg5+ 67. Kf1 Qf6 68. Qc8+ Kg7 69. Qg4 Bg5 70. Kg2 Bh4 71. Qd7+ Kf8 72.
Qc7 Qg5+ 73. Kf1 Qb5+ 74. Be2 Qf5 75. Qh2 Bg5 76. f4 Bf6 77. Kf2 Qe4 78. Qh7 Bg7
79. Bf3 Qc2+ 80. Kg3 Qc1 81. Kf2 Qd2+ 82. Be2 Qc2 83. Qh3 Qc5 84. Qe6 Qc2 85.
Kf3 Qb1 86. Bc4 Qh1+ 87. Ke2 Qg2+ 88. Kd3 Qf1+ 89. Kc2 Qg2+ 90. Kd1 Qh1+ 91. Kd2
Qg2+ 92. Be2 Bh6 93. Qf6+ Ke8 94. f5 Qd5+ 95. Bd3 Qa2+ 96. Ke1 Qa5+ 97. Kf1 Bxe3
98. Qxg6+ Kd8 99. Qd6+ Ke8 100. Qe6+ Kf8 101. Qxe3 Qa1+ 102. Kg2 Qg7+ 103. Kf3
Qh7 104. Qc5+ Ke8 105. Bb5+ Kd8 106. Qd6+ 1-0

[Event "Xtracon Chess Open 2017"]
[Site "Helsingor DEN"]
[Date "2017.07.26"]
[Round "6.49"]
[White "Subramanian, Aditya"]
[Black "Rewitz, Poul"]
[Result "0-1"]
[BlackTitle "FM"]
[WhiteElo "2054"]
[BlackElo "2310"]
[WhiteFideId "1718924"]
[BlackFideId "1401033"]
[EventDate "2017.07.22"]

1. c4 g6 2. Nf3 Bg7 3. d4 f5 4. e3 Nf6 5. b4 d6 6. Bb2 Be6 7. Be2 Nbd7 8. Nbd2
c6 9. a4 h6 10. Qc2 O-O 11. g4 Nxg4 12. h3 Ngf6 13. Nh4 Bf7 14. Rg1 Kh7 15.
O-O-O e6 16. Ng2 Qe7 17. e4 d5 18. e5 Ne4 19. Nxe4 dxe4 20. Qb3 Rfc8 21. Ba3
Rab8 22. Nf4 h5 23. Kc2 Bh6 24. Qg3 h4 25. Qe3 Qe8 26. Bc1 g5 27. Rxg5 Bxg5 28.
Rg1 Bh6 29. f3 exf3 30. Qxf3 Qe7 31. Nxe6 Qxe6 32. Bd3 Kh8 33. Bb2 Bg7 34. Qf4
Qh6 35. Qxf5 Be6 36. Qe4 Nf8 37. Bc1 Qh5 38. Rg5 Qf7 39. Qxh4+ Kg8 40. Rg2 Rc7
41. Bh6 Qf3 42. Qg5 Bxh3 43. Rg1 Ne6 44. Bh7+ Kxh7 45. Qg6+ Kg8 0-1

[Event "Xtracon Chess Open 2017"]
[Site "Helsingor DEN"]
[Date "2017.07.26"]
[Round "6.51"]
[White "Skjoldager, Mikael"]
[Black "Rosenkilde, Alexander"]
[Result "0-1"]
[WhiteElo "2050"]
[BlackElo "2274"]
[WhiteFideId "1434314"]
[BlackFideId "1408488"]
[EventDate "2017.07.22"]

1. e4 c5 2. Nf3 d6 3. d4 cxd4 4. Nxd4 Nf6 5. Nc3 a6 6. Be3 e5 7. Nb3 Be6 8. f3
h5 9. Qd2 Nbd7 10. O-O-O Rc8 11. Kb1 Qc7 12. g3 Be7 13. h3 b5 14. Bxb5 axb5 15.
Nxb5 Qc4 16. Qd3 d5 17. Na5 Qa4 18. exd5 Nxd5 19. Bd2 Nb4 20. Bxb4 Qxa2+ 21. Kc1
Qa1+ 22. Kd2 Bxb4+ 23. c3 Qxb2+ 24. Qc2 Qxc2+ 25. Kxc2 Bxa5 26. Nd6+ Ke7 0-1

[Event "Xtracon Chess Open 2017"]
[Site "Helsingor DEN"]
[Date "2017.07.26"]
[Round "6.53"]
[White "Tabaa, Ghayth"]
[Black "Christensen, Thomas2"]
[Result "0-1"]
[WhiteElo "2041"]
[BlackElo "2229"]
[WhiteFideId "7603819"]
[BlackFideId "1407635"]
[EventDate "2017.07.22"]

1. e4 e5 2. Nf3 d5 3. Nxe5 Bd6 4. d4 dxe4 5. Bc4 Bxe5 6. dxe5 Qxd1+ 7. Kxd1 Bg4+
8. Be2 Bxe2+ 9. Kxe2 Nc6 10. Be3 O-O-O 11. Nd2 Nxe5 12. Nxe4 Re8 13. Bd4 f5 14.
Nd2 Nc6+ 15. Kd3 Rd8 16. c3 Nf6 17. Nb3 Nxd4 18. cxd4 Rd5 19. Rhe1 Rhd8 20. Re7
R8d7 21. Rae1 b6 22. f3 R5d6 23. R1e5 g6 24. R7e6 Rxe6 25. Rxe6 Nd5 26. g3 Nb4+
27. Kc4 Nxa2 28. Re8+ Kb7 29. g4 fxg4 30. fxg4 a5 31. h4 Nb4 32. h5 gxh5 33.
gxh5 Rd6 34. Re7 Rc6+ 35. Kb5 Rh6 36. Re5 Nd3 37. Rg5 c6+ 38. Kc4 Nxb2+ 39. Kc3
Nd1+ 40. Kd3 a4 41. Nd2 b5 42. Ne4 Kb6 43. Kd2 a3 44. Nc5 Rd6 45. Kxd1 Rxd4+ 46.
Ke2 a2 47. Nb3 Rb4 48. Na1 Rb1 49. Nc2 Rb2 50. Rg1 Rxc2+ 51. Kd3 Rh2 52. Ra1 c5
53. Ke3 b4 54. h6 b3 55. Kd3 b2 56. Rxa2 b1=Q+ 57. Kc3 Rxa2 0-1

[Event "Xtracon Chess Open 2017"]
[Site "Helsingor DEN"]
[Date "2017.07.26"]
[Round "6.54"]
[White "Moestrup, Jorn"]
[Black "Jaksland, Tim"]
[Result "1/2-1/2"]
[BlackTitle "FM"]
[WhiteElo "2034"]
[BlackElo "2227"]
[WhiteFideId "1403680"]
[BlackFideId "1401084"]
[EventDate "2017.07.22"]

1. Nf3 c5 2. c4 Nc6 3. d4 cxd4 4. Nxd4 e6 5. e4 Nf6 6. Nc3 Bb4 7. Nxc6 bxc6 8.
Bd3 e5 9. Bd2 O-O 10. O-O h6 11. a3 Bc5 12. Rb1 Re8 13. Qf3 d6 14. h3 Be6 15.
Rfe1 Nh7 16. b4 Bd4 17. Qg3 Kh8 18. Ne2 c5 19. Nxd4 cxd4 20. f4 f6 21. fxe5 dxe5
22. c5 Qe7 23. Rec1 1/2-1/2